01886nam a2200337 i 4500003000900000005001700009008004100026040004600067041000800113082002800121092000700149099004600156100006300202245028700265250003200552264008400584300008100668336002200749337002400771338003300795504006000828546011600888650006901004651001001073856005701083905000701140942001901147999001701166952018301183952018201366EG-GICUC20260121101542.0251228s1995 ua ||||fr|||| 00| 0 ara d a EG-GICUCbarac EG-GICUCd EG-GICUCerda aara04221a343.6bس ل . أ04221 aLaw1 10 343.6 س ل . أ 2 ed - 1995 0 aسليمان عبد المنعم سليمانeمؤلف.10aأصول علم الإجرام القانوني :bإشكاليات تأصيل علم الإجرام - التحليل الوصفى لظاهرة الجريمة - التحليل التفسيري لعوامل الإجرام /cسليمان عبد المنعم سليمان. aالطبعة الثانية 1aالاسكندرية :bدار الجامعة الجديدة للنشر,c1995. a411 صفحة ؛ c24 سم.bإيضاحيات، صور، مثيليات ؛  2rda contentatext 2rda mediaaComputer 2rda carrieraOnline Resource aيحتوي على ارجاعات ببليوجرافية aالنص أغلبه باللغة العربية بعض النصوص الإنجليزية والفرنسية14aعلم الإجرامxالقانون الجنائي 2qrmak1 2qrmak40uhttps://fll.law.cu.edu.eg/fulltext/bks/B10-07321.pdf a75 2ddccBKe21n0 c52795d52795 00102ddc40718القانون الجنائيaCUbLAW1d2025-12-28l0oLaw1 10 343.6 س ل . أ 2 ed - 1995 1007321 C1pB10-07321r2025-12-28 13:12:35t1w2025-12-28yBK 00102ddc40708القانون الجنائيaCUbLAW1d2025-12-28l0oLaw1 10 343.6 س ل . أ 2 ed - 1995 1007322 C2pB10-07322r2025-12-28 13:12:50t2w2025-12-28yBK